Statistics for iconic pokemon

Click here to take the quiz!

General Stats

  • This quiz has been taken 21 times
  • The average score is 6 of 7

Answer Stats

HintAnswer% Correct
Ash's best friendPikachu
100%
New speices pokemonMew
93%
clone of pokemon aboveMewtwo
93%
God of all pokemonArceus
87%
Fire lizard (Kanto starter)Charizard
87%
kalos starter (last evolution)Greninja
80%
Mud fish pokemon last evolutionSwampert
67%

Score Distribution

Percentile by Number Answered

Percent of People with Each Score

Your Score History

You have not taken this quiz